000
00301nam a22000977a 4500
005
20250901165239.0
008
210226b ||||| |||| 00| 0 eng d
050
_a
Q160 .M33
245
_a
The world of atoms;
_b
an introduction to physical science
_c
MCCUE, J.J.G.
942
_2
lcc
_h
Q160 .M33 1956
999
_c
941
_d
941